| 000 | 00747cam a2200253 4500 | ||
|---|---|---|---|
| 008 | 000000n2000 000 0 eng u | ||
| 035 | _a(Sirsi) u104926 | ||
| 245 | _aProperty Week Scotland Supplement | ||
| 260 | _c2000 | ||
| 490 |
_aProperty Week _vMarch 2000 (51)_loan |
||
| 520 | _aStudy of Scotland since devolution with particular emphasis on the property markets in Glasgow, Edinburgh and Aberdeen. | ||
| 590 | _aABS | ||
| 650 | _aSCOTLAND | ||
| 650 | _aEDINBURGH | ||
| 650 | _aGLASGOW | ||
| 650 | _aABERDEEN | ||
| 650 | _aDEVOLUTION | ||
| 650 | _aHARMONISATION | ||
| 650 | _aCONVERGENCE | ||
| 650 | _aPROPERTY LAW | ||
| 650 | _aENGLAND | ||
| 690 | _aPROPERTY-COMMERCIAL PROPERTY-COMMERCIAL PROPERTY MARKET | ||
| 942 | _n0 | ||
| 999 |
_c62948 _d62948 |
||